000
00222 a2200097 4500
001
58534
100
_a
245
_a
Conquering constipation
260
_a
Bombay
_b
Jaico publishing house
_c
090
_c
35906
_d
35906
942
_a
NUST-CAE
_c
MONOGRAPH
_c
28787
999
_c
293607
_d
293607